Normal view
MARC view
- Stout, Jeremy
Entry Personal Name
001 - CONTROL NUMBER
- control field: 121760
003 - CONTROL NUMBER IDENTIFIER
- control field: NUST
005 - DATE AND TIME OF LATEST TRANSACTION
- control field: 20240304111309.0
008 - FIXED-LENGTH DATA ELEMENTS
- fixed length control field: 240304|| aca||aabn | a|a d
040 ## - CATALOGING SOURCE
- Original cataloging agency: NUST
- Transcribing agency: NUST
100 ## - HEADING--PERSONAL NAME
- Personal name: Stout, Jeremy
670 ## - SOURCE DATA FOUND
- Source citation: Work cat.: (NUST)0: Nottingham, Anitra, author. 121757, The graphic design process :
